000 00558nam a2200205Ia 4500
001 60157
008 080101n ii |||gr||||Z||||||hin
020 _a978-81-89353-17-9
041 _ahin
082 _a891.43309
100 _aPandaripandey.,
_eNeeta .
245 0 _aHindi Upanyason Mein Shaikshik Samasyayen
_cNeeta Pandaripandey
_hTextual Documents
250 _aIst ed.
260 _aKanpur:
_bMathura Prasad Tripathi.,
_c2009.
300 _a208pg:
_c23cm.
653 _aHindi
653 _aHindi literature
653 _aG-Hindi
942 _2ddc
_cBK
999 _c61302
_d61302